[Event "Moscow-ch Men 2020"]
[Site "Moscow"]
[Date "2020.09.17"]
[Round "5.5"]
[White "Anfinogenov, Artem"]
[Black "Bukreev, Stanislav"]
[Result "1-0"]
[WhiteElo "2054"]
[BlackElo "1468"]
[Annotator "TA"]
[PlyCount "103"]
[EventDate "2020.09.15"]
[EventType "swiss"]
[EventCountry "RUS"]
[SourceTitle "playchess.com"]
[Source "ChessBase"]
[SourceQuality "1"]

{[%evp 17,103,32,33,38,251,216,220,220,249,224,214,214,235,179,225,206,225,220,216,222,223,221,236,194,252,243,256,225,280,172,168,142,146,134,130,135,138,106,203,195,183,195,197,194,306,277,359,368,369,385,377,357,481,476,473,455,442,425,525,516,1542,1447,29978,29979,29979,29980,29976,29977,29977,29978,29978,29979,29987,29988,29988,29989,29990,29991,29991,29992,29995,29996,29996,29997,29997,29998,29998,29999]} 1. d4 Nf6 2. c4 c5 3. d5 e6 4. Nc3 exd5 5. cxd5 d6 6. Nf3 g6 7. Bf4 Bg7 8. Qa4+ Bd7 9. Qb3 Qc7 {9...b5 is the modern continuation.} 10. e4 {[#] A61: Modern Benoni: Nf3 without early e4.} Bg4 $146 ({Black should try} 10... O-O $14) ({Predecessor:} 10... O-O 11. Nd2 Nh5 12. Be3 f5 13. exf5 Bxf5 14. Be2 Nf6 15. Nc4 Ne4 16. O-O Nxc3 17. bxc3 Bd7 18. Nd2 b5 19. Bxb5 Bxb5 20. Qxb5 Bxc3 {1-0 (39) So,W (2765)-Sevian,S (2660) chess.com INT 2020}) 11. Nd2 O-O {[#]} 12. Nb5 $1 {[%cal Rb5c7] White is clearly better.} Qa5 13. f3 Bd7 14. Nxd6 b6 15. Bd3 Nh5 16. Be3 Ba4 17. Qa3 Qb4 18. Qxb4 cxb4 19. Rb1 Nd7 20. g4 Ne5 (20... Nc5 $142) 21. Be2 $18 ({Less strong is} 21. gxh5 Nxd3+ 22. Ke2 Bc2 $11) 21... Nf6 22. g5 Nh5 23. b3 Bd7 24. Rg1 {Strongly threatening f4.} f5 25. f4 Ng4 26. Bxg4 $1 fxg4 27. Rf1 g3 (27... Rad8 $16) 28. hxg3 Nxg3 29. Rf3 Nh5 30. e5 {And now e6 would win.} Bg4 (30... Rad8 {was worth a try.} 31. Rf2 Ng3) 31. Rf2 h6 32. N2e4 hxg5 33. Nxg5 Bh6 34. e6 Bxg5 35. fxg5 Rxf2 36. Kxf2 ({Not} 36. Bxf2 Kf8 $18) 36... Rf8+ 37. Nf7 Ng7 38. Kg3 Nxe6 (38... Bxe6 $142 39. Nh6+ Kh7 40. dxe6 Re8) 39. Nh6+ {[%mdl 64] Double Attack} Kh7 40. Nxg4 {White mates.} Nc7 41. Rh1+ Kg8 42. Nf6+ Rxf6 43. gxf6 Nxd5 44. Bd4 a5 {[#]} 45. Rh8+ $3 {[%mdl 512]} Kf7 (45... Kxh8 46. f7+) 46. Rh7+ Kg8 47. f7+ Kf8 48. Be5 Ne7 {[#]} 49. Bd6 $1 b5 50. Kg4 a4 51. Kg5 axb3 52. Kf6 {Black did not feel at home in the position after the opening. Accuracy: White = 77%, Black = 46%.} 1-0

[Event "Moscow-ch Men 2020"]
[Site "Moscow"]
[Date "2020.09.17"]
[Round "5.7"]
[White "Tunik, Sergey"]
[Black "Uskov, Artem"]
[Result "1/2-1/2"]
[WhiteElo "2160"]
[BlackElo "2164"]
[Annotator "ChessBase"]
[PlyCount "94"]
[EventDate "2020.09.15"]
[EventType "swiss"]
[EventCountry "RUS"]
[TimeControl "5400+30"]

1. d4 {[%emt 0:27:53]} d5 {[%emt 0:00:00]} 2. c4 {[%emt 0:00:09]} e6 {[%emt 0:00:04]} 3. Nc3 {[%emt 0:00:07]} Nf6 {[%emt 0:00:26]} 4. Bg5 {[%emt 0:00:09]} Be7 {[%emt 0:00:10]} 5. e3 {[%emt 0:00:08]} O-O {[%emt 0:00:28]} 6. cxd5 {[%emt 0:00:06]} exd5 {[%emt 0:00:05]} 7. Bd3 {[%emt 0:00:06]} c6 {[%emt 0:00:14]} 8. Qc2 {[%emt 0:00:12]} Nbd7 {[%emt 0:00:11]} 9. Nf3 {[%emt 0:00:12]} Re8 {[%emt 0:00:24]} 10. h3 {[%emt 0:00:08]} Nf8 {[%emt 0:02:35]} 11. O-O-O {[%emt 0:00:09]} Ne4 {[%emt 0:00:48]} 12. Bxe7 {[%emt 0:03:07]} Qxe7 {[%emt 0:00:32]} 13. Bxe4 {[%emt 0:00:25]} dxe4 {[%emt 0:00:08]} 14. Nd2 {[%emt 0:01:08]} f5 {[%emt 0:00:52]} 15. Kb1 {[%emt 0:07:57]} Be6 {[%emt 0:02:44]} 16. Ne2 {[%emt 0:06:01]} Ng6 {[%emt 0:18:07]} 17. Rhg1 {[%emt 0:03:36]} Qf7 {[%emt 0:04:00]} 18. a3 {[%emt 0:02:02]} Bd5 {[%emt 0:01:49]} 19. Rdf1 {[%emt 0:04:57]} f4 {[%emt 0:05:32]} 20. h4 {[%emt 0:04:01]} f3 {[%emt 0:04:27]} 21. gxf3 {[%emt 0:10:45]} exf3 {[%emt 0:00:28]} 22. Nc3 {[%emt 0:00:18]} Nxh4 {[%emt 0:07:30]} 23. Rh1 {[%emt 0:00:42]} Ng6 {[%emt 0:14:32]} 24. Rh3 {[%emt 0:02:13]} Be6 {[%emt 0:04:47]} 25. Rxf3 {[%emt 0:00:34]} Qd7 {[%emt 0:01:30]} 26. Rg3 {[%emt 0:03:28]} Rf8 {[%emt 0:01:59]} 27. Nde4 {[%emt 0:02:57]} Bf5 {[%emt 0:06:30]} 28. f3 {[%emt 0:00:49]} Rae8 {[%emt 0:01:05]} 29. Ka1 {[%emt 0:02:39]} Nh4 {[%emt 0:07:14]} 30. Rh1 {[%emt 0:04:28]} Qe7 {[%emt 0:00:38]} 31. Qb3+ {[%emt 0:01:28]} Be6 {[%emt 0:00:22]} 32. d5 {[%emt 0:03:09]} cxd5 {[%emt 0:00:37]} 33. Nxd5 {[%emt 0:00:06]} Qf7 {[%emt 0:02:13]} 34. Ndf6+ {[%emt 0:04:39]} Kh8 {[%emt 0:00:30]} 35. Rxh4 {[%emt 0:00:11]} gxf6 {[%emt 0:00:24]} 36. Qd1 {[%emt 0:02:20]} Rd8 {[%emt 0:00:41]} 37. Qh1 {[%emt 0:00:54]} Bf5 {[%emt 0:01:31]} 38. Rg1 {[%emt 0:00:22]} Rd3 {[%emt 0:00:47]} 39. Rf4 {[%emt 0:00:35]} Bxe4 {[%emt 0:01:06]} 40. Rxe4 {[%emt 0:00:10]} Rfd8 {[%emt 0:00:30]} 41. Rc1 {[%emt 0:00:43]} a5 {[%emt 0:01:25]} 42. Qe1 {[%emt 0:01:31]} b6 {[%emt 0:01:20]} 43. Rd4 {[%emt 0:00:36]} R3xd4 {[%emt 0:05:35]} 44. exd4 {[%emt 0:00:13]} Qd7 {[%emt 0:00:32]} 45. Rd1 {[%emt 0:01:05]} Re8 {[%emt 0:00:03]} 46. Qh4 {[%emt 0:00:30]} Qf5 {[%emt 0:00:05]} 47. d5 {[%emt 0:00:52]} Qxf3 {[%emt 0:02:09]} 1/2-1/2

[Event "Moscow-ch Men 2020"]
[Site "Moscow"]
[Date "2020.09.18"]
[Round "6.1"]
[White "Apryshko, Gleb"]
[Black "Antipov, Mikhail Al."]
[Result "0-1"]
[WhiteElo "2388"]
[BlackElo "2584"]
[Annotator "TA"]
[PlyCount "156"]
[EventDate "2020.09.15"]
[EventType "swiss"]
[EventCountry "RUS"]
[SourceTitle "playchess.com"]
[Source "ChessBase"]
[SourceQuality "1"]

{[%evp 9,156,-25,0,-7,-14,-5,22,10,14,16,39,42,50,51,60,56,50,30,39,31,43,20,29,12,78,67,64,62,65,65,68,75,68,75,72,70,62,65,71,62,59,66,62,60,118,72,83,70,80,62,92,37,25,18,100,106,119,107,111,106,294,310,287,213,293,213,198,192,193,193,204,194,270,285,282,277,306,296,299,288,443,440,445,439,384,-64,352,358,317,352,336,317,303,303,237,118,142,115,118,104,120,110,266,82,82,82,82,78,81,0,0,0,0,0,0,-1293,-1137,-29954,-29949,-6422,-5377,-29973,-29974,-29974,-29975,-29978,-29979,-29979,-29980,-29984,-29985,-29985,-29984,-29984,-29985,-29985,-29986,-29990,-29986,-29986,-29987,-29987,-29988,-29988,-29989,-29989,-29990,-29990,-29991]} 1. e4 e5 2. d4 exd4 3. Qxd4 Nc6 4. Qc4 Bb4+ 5. Nc3 d6 6. Bd2 {[#] C22: Centre Game.} Be6 $146 ({Predecessor:} 6... Nge7 7. O-O-O Be6 8. Qe2 O-O 9. a3 Ba5 10. f4 f6 11. Nf3 Kh8 12. f5 Bf7 {1-0 (30) Xu,X (2582)-Moiseenko,V (2526) Moscow 2019}) 7. Qe2 Qd7 8. a3 {The position is equal.} Bxc3 9. Bxc3 f6 10. Nh3 O-O-O 11. Nf4 Bf7 12. g3 Kb8 13. Bh3 Qe8 14. O-O-O h5 15. f3 h4 16. Qf2 Ne5 (16... hxg3 $11 17. Qxg3 (17. hxg3 Nge7 $11) 17... g5) 17. gxh4 $16 Ne7 18. Rhg1 Qg8 19. h5 Qh7 20. Be6 Bxh5 21. Nxh5 Qxh5 22. f4 N5g6 23. Kb1 Qh6 24. Rg4 Nf8 $1 {[%cal Rf8e6]} 25. Bc4 Nd7 26. Qg2 Nb6 ({Black should try} 26... g6 $14) 27. Be6 Na4 28. Bd4 Nc6 $1 29. Bg1 Rhe8 30. Qg3 (30. Bb3 $16 Nc5 31. Bf7 (31. Rxg7 Nxb3 32. cxb3 Rxe4 $11)) 30... Qh5 $14 31. Bd5 f5 (31... Nb6 $11 {remains equal.}) 32. exf5 $16 Ne7 33. Bf3 Nxf5 34. Qg2 Nh4 $2 {[#]} (34... d5 $16) 35. Qf2 $1 $18 {[%cal Rf2a7][%mdl 576] Double Attack} Qb5 {[%csl Ga4][%cal Rb5b2]} 36. Qxa7+ Kc8 {[%csl Ga4][%cal Rb5b2]} 37. Qxb7+ $40 {[%mdl 128] White is out for blood.} ({Don't take} 37. Qa8+ $6 Kd7 $18) 37... Qxb7 38. Bxb7+ Kxb7 39. Rxh4 Re4 40. Rg4 c5 (40... Rd7 $142 41. Rd4 Re1+ 42. Ka2 Nb6) 41. Rxg7+ Kc6 42. Rf1 Rb8 43. b3 {[%cal Bb2b3,Bb3b4][%mdl 32]} Re2 {intending ...Rxb3+.} 44. Rg3 c4 (44... Nb6 $142 45. Kc1 Nd5) 45. b4 Rbe8 46. Kc1 R8e4 47. Rgf3 $2 (47. f5 $18) 47... d5 $2 {[%mdl 8192]} (47... Re1+ $15 {keeps the upper hand.} 48. Rxe1 Rxe1+ 49. Kd2 Rxg1) 48. Rd1 Rg2 {Strongly threatening ...Ree2.} 49. Rg3 Rxg3 50. hxg3 {[%mdl 4096] Endgame KRB-KRN} Nc3 51. Rf1 Ne2+ 52. Kd2 (52. Kb2 $18 {is more deadly.}) 52... Nxg3 $16 53. Rf3 Re2+ 54. Kd1 Rg2 55. Bf2 Ne4 $2 {[#]} (55... Nf5 $16) 56. Ke1 $2 (56. Be1 $1 $18 {is the precise move to win.}) 56... Rh2 57. f5 {Hoping for f6.} Rh1+ 58. Ke2 Rc1 59. f6 (59. Bd4 $16 {f6 is the strong threat.} Rxc2+ 60. Ke3) 59... Rxc2+ $11 60. Ke1 Rc1+ 61. Ke2 Rc2+ 62. Kd1 $2 {[%mdl 8192] Black continues to play with concentration.} (62. Ke3 $11) 62... Rxf2 $19 63. Rxf2 Nxf2+ {KN-K3P} 64. Ke2 Nh3 65. Ke3 Ng5 {Black mates.} 66. a4 c3 67. Kd3 {[#]} d4 $1 68. Kc2 (68. Kxd4 c2) 68... Nf7 69. a5 Kb5 70. Kd3 Ka6 71. Kc2 Ne5 72. Kb3 Kb5 73. Kc2 Kxb4 74. f7 d3+ 75. Kc1 Nxf7 76. a6 c2 77. Kd2 Nd6 78. a7 Nc4+ {Accuracy: White = 73%, Black = 71%.} 0-1

[Event "Moscow-ch Men 2020"]
[Site "Moscow"]
[Date "2020.09.18"]
[Round "6.2"]
[White "Rostovtsev, Dmitry"]
[Black "Stukan, Martin"]
[Result "0-1"]
[WhiteElo "1737"]
[BlackElo "2325"]
[Annotator "TA"]
[PlyCount "56"]
[EventDate "2020.09.15"]
[EventType "swiss"]
[EventCountry "RUS"]
[SourceTitle "playchess.com"]
[Source "ChessBase"]
[SourceQuality "1"]

{[%evp 17,56,20,28,29,25,15,47,25,29,0,0,1,4,15,16,-59,-13,-11,-6,-6,-6,-10,-9,-12,0,-24,-15,-13,-21,-26,0,-18,-12,-175,-175,-200,-177,-687,-673,-748,-731]} 1. e4 c5 2. Nf3 d6 3. d4 cxd4 4. Nxd4 Nf6 5. Nc3 a6 6. Be3 e5 7. Nf3 Be7 8. Bc4 O-O 9. O-O Be6 10. Bxe6 {B90: Sicilian Najdorf: Unusual White 6th moves, 6 Be3 Ng4 and 6 Be3 e5.} fxe6 11. Na4 {aiming for Ng5.} Nfd7 12. c4 {White is slightly better.} Nc6 13. Nc3 Qe8 {[#]} 14. Ng5 $146 ({Predecessor:} 14. Rc1 Nc5 15. Ne1 Rc8 16. f3 Qd8 17. Nc2 Qa5 18. Rf2 Nd7 19. Qe2 Nf6 20. Qd3 {1-0 (38) Olofsson,D (2562)-Pellen,M (2468) ICCF email 2010}) 14... Qg6 15. Nh3 Rad8 16. f4 ({Better is} 16. Rc1 $11) 16... exf4 17. Nxf4 Qh6 {Hoping for ...Bg5.} 18. Qg4 Bg5 {[#] ...e5 is the strong threat.} 19. h4 $1 {[%cal Rh4g5]} Bxf4 20. Bxf4 Nde5 $36 {[%mdl 2048] Black is more active.} 21. Bxh6 {[%csl Gh6][%cal Rg4g7]} Nxg4 22. Bg5 Rxf1+ 23. Rxf1 Rf8 24. Rd1 Rf2 25. Rxd6 $2 {Loses the game.} (25. Rd2 $11 Rxd2 26. Bxd2) 25... Rxb2 $19 26. Rxe6 Rc2 27. Nd5 $2 (27. Nd1) 27... Rxa2 {[#] ( -> ...Ra1+)} 28. Kf1 Ra1+ {Accuracy: White = 48%, Black = 85%.} 0-1

[Event "Moscow-ch Men 2020"]
[Site "Moscow"]
[Date "2020.09.18"]
[Round "6.3"]
[White "Galaktionov, Artem"]
[Black "Anfinogenov, Artem"]
[Result "1/2-1/2"]
[WhiteElo "2319"]
[BlackElo "2054"]
[Annotator "TA"]
[PlyCount "80"]
[EventDate "2020.09.15"]
[EventType "swiss"]
[EventCountry "RUS"]
[SourceTitle "playchess.com"]
[Source "ChessBase"]
[SourceQuality "1"]

{[%evp 11,80,29,52,34,27,17,32,6,6,6,6,10,14,14,14,13,16,-41,0,-55,-42,-85,-78,-88,-90,-92,-89,-110,-112,-104,-78,-113,-95,-117,-93,-172,-177,-177,-177,-164,-174,-174,-108,-143,-135,-175,-106,-98,-98,-103,-91,-114,-116,-134,-102,-112,-109,-116,-114,-113,-104,-168,-141,-138,-87,-88,0,-95,0,-151,0]} 1. d4 Nf6 2. Nf3 c5 3. d5 b5 4. Bg5 Qb6 5. Bxf6 Qxf6 6. c3 d6 {The old main line.} 7. e4 {A43: Schmid Benoni.} a6 $1 8. a4 b4 9. Qc2 {White is slightly better.} bxc3 10. bxc3 g6 11. Nbd2 Bg7 {[#]} 12. Rc1 $146 ({Predecessor:} 12. Ra3 O-O 13. Nc4 Nd7 14. Be2 e6 15. Qd2 Rb8 16. O-O exd5 17. Qxd5 Qe7 18. Nfd2 {½-½ (47) Nielsen,J (1988)-Cintins,I (2239) ICCF email 2012}) 12... O-O 13. h3 Nd7 14. Nc4 (14. Be2 $11) 14... Rb8 15. Na5 (15. Be2 $11) 15... e6 16. Nc6 Ra8 17. c4 Bb7 18. Na5 Rab8 19. Be2 Ba8 20. O-O Rb2 21. Qd1 Rfb8 22. Nc6 Rc8 23. Rb1 (23. Na5 $17) 23... Bxc6 $19 24. dxc6 Rxc6 25. e5 Rxb1 26. Qxb1 Qd8 ({Inferior is} 26... Nxe5 27. Qb7 $14) (26... dxe5 $19 27. Rd1 Qe7) 27. exd6 Rxd6 28. Qb7 Qb8 (28... Nb6 $19 29. Qxa6 Nd5) 29. Rb1 Qxb7 30. Rxb7 Kf8 31. Rc7 h6 32. Ne1 Ke7 33. Nd3 Kd8 34. Ra7 Kc8 {And now ...Kb8 would win.} 35. Ra8+ Kc7 36. Kf1 {[#]} (36. Re8 $17) 36... Kb6 $1 37. Rc8 Kb7 (37... Bd4 $142 38. Bf3 f5) 38. Rd8 $17 Kc7 39. Ra8 Kb6 (39... Bc3 $142 40. Re8 Bf6) 40. Rc8 $1 Kb7 $2 {Accuracy: White = 72%, Black = 76%.} ({Black should try} 40... Bd4 $17 41. Bf3 f5) 1/2-1/2

[Event "Moscow-ch Men 2020"]
[Site "Moscow"]
[Date "2020.09.18"]
[Round "6.4"]
[White "Teiitbaev, Aktilek"]
[Black "Maslovskiy, Vladimir"]
[Result "1-0"]
[WhiteElo "2106"]
[BlackElo "1767"]
[Annotator "TA"]
[PlyCount "61"]
[EventDate "2020.09.15"]
[EventType "swiss"]
[EventCountry "RUS"]
[SourceTitle "playchess.com"]
[Source "ChessBase"]
[SourceQuality "1"]

{[%evp 16,61,32,37,37,33,35,24,86,60,68,59,111,85,110,93,187,176,315,297,400,400,494,472,477,470,491,475,520,495,579,564,624,481,588,585,677,669,741,466,872,872,833,802,5314,5177,1941,1888]} 1. Nf3 f5 2. g3 Nf6 3. Bg2 g6 4. O-O Bg7 5. c4 O-O 6. d4 d6 7. Nc3 c6 8. b3 Qc7 9. Ba3 Ne4 {A88: Dutch Defence: Leningrad System: 5 Nf3 0-0 6 0-0 d6 7 Nc3 c6.} 10. Qd3 Nxc3 11. Qxc3 c5 {[#]} (11... Nd7 $11 {keeps the balance.}) 12. Bb2 $146 ({Predecessor:} 12. Rad1 Nc6 13. e3 Bd7 14. Qd2 cxd4 15. exd4 f4 16. gxf4 Rae8 17. d5 Nd8 18. Ng5 {1-0 (32) Farago,S (2375)-Dengel,J (2115) Budapest 1993}) 12... Nc6 13. Qd2 Rd8 (13... cxd4 $14 14. Nxd4 Nxd4 15. Bxd4 Bd7) 14. d5 Ne5 15. Rfe1 e6 (15... Rb8 $16) 16. Ng5 $18 Bh6 (16... Qe7 $142) 17. h4 ({Weaker is} 17. Nxe6 Bxd2 18. Nxc7 Bxe1 $16) 17... Qe7 18. f4 Ng4 19. dxe6 {White is clearly winning.} Bg7 20. e4 fxe4 21. Bxe4 Nf6 22. Bg2 Rf8 23. Rad1 h6 24. Ne4 Nxe4 25. Bxe4 Bxb2 26. Qxb2 Rf6 27. Bd5 Bxe6 (27... Kh7 $142 28. h5 gxh5 29. Be4+ Kg7) 28. Rxe6 Rxe6 {[#]} 29. Re1 $1 {[%mdl 576] Pin} Re8 30. Rxe6 Qxe6 {[#]} 31. Qf6 $1 {[%mdl 576] Pin. Black did not feel at home in the position after the opening. Accuracy: White = 73%, Black = 17%.} 1-0

[Event "Moscow-ch Men 2020"]
[Site "Moscow"]
[Date "2020.09.18"]
[Round "6.5"]
[White "Uskov, Artem"]
[Black "Gubajdullin, Alexei"]
[Result "0-1"]
[WhiteElo "2164"]
[BlackElo "2344"]
[Annotator "TA"]
[PlyCount "150"]
[EventDate "2020.09.15"]
[EventType "swiss"]
[EventCountry "RUS"]
[SourceTitle "playchess.com"]
[Source "ChessBase"]
[SourceQuality "1"]

{[%evp 16,149,44,34,52,46,50,50,52,19,68,0,4,-4,14,0,14,11,14,14,14,9,9,14,31,21,79,80,180,184,195,177,181,182,179,187,200,197,206,195,282,276,310,299,287,33,41,14,28,8,14,13,25,12,12,10,9,16,32,30,33,39,72,48,39,20,21,14,17,0,0,0,0,0,0,0,0,-8,-8,-10,0,-45,-41,-217,0,0,0,-170,-164,-172,-184,-182,-187,-270,-256,-187,-110,-561,-554,-533,-449,-478,-473,-456,-382,-518,-580,-1104,-883,-1684,-1868,-1626,-1318,-29982,-29983,-29983,-29984,-29984,-29985,-29985,-29986,-29986,-29987,-29994,-29995,-29995,-29996,-29997,-29998,-29998,-29997,-29997,-29998,-29998,-29999,-29999]} 1. e4 g6 2. d4 Bg7 3. Nc3 {[%cal Bb1c3,Bc3e4,Be4c5][%mdl 32]} d6 4. f4 c6 5. Nf3 Bg4 6. Be2 Qb6 7. e5 Nh6 8. Ne4 Nf5 9. c3 d5 {B06: Modern Defence.} 10. Nc5 e6 {[#]} 11. O-O $146 ({Predecessor:} 11. Ng5 Bxe2 12. Qxe2 h5 13. O-O Bf8 14. Be3 Na6 15. b4 Nc7 16. a4 a6 17. g3 {1-0 (37) Fekete,J (2193)-Ruttkay,P (2186) Hungary 2007}) 11... Bf8 {White is slightly better.} 12. Nd3 (12. b4 {is interesting.} a5 13. Na4 Qc7 14. b5 Be7 15. h3) 12... Bxf3 13. Bxf3 (13. Rxf3 $14 h5 14. Rh3) 13... h5 $11 14. Bd2 a5 15. Qe2 Nd7 16. Be1 a4 17. Bf2 Be7 18. g3 Qa5 19. Rfc1 Qa6 20. Qd1 g5 (20... Kf8 $11 {keeps the balance.}) 21. Be2 $36 {[%mdl 2048] Black is under strong pressure.} h4 (21... O-O-O $16) 22. g4 $18 Nh6 23. Be3 gxf4 24. Nxf4 Qb6 25. Qd2 Bg5 {[#]} 26. Nxd5 $1 {[%mdl 512]} Bxe3+ (26... cxd5 27. Bxg5) 27. Nxe3 {aiming for Nc4.} Nxe5 (27... O-O-O $142 28. Nc4 Qc7) 28. g5 $1 ({Worse is} 28. dxe5 Rd8 $17) 28... Nf5 29. Nxf5 exf5 30. Qe3 $2 (30. Rf1 $1 $18) 30... O-O $1 $14 31. Qf2 Ng6 32. Qxf5 Ra5 $1 {[%cal Ra5f5]} 33. Qf6 {Threatens to win with Bc4!} Qd8 $1 34. Rf1 Rxg5+ 35. Kh1 Qxf6 36. Rxf6 Re8 37. Bc4 Nh8 38. Rg1 Rxg1+ 39. Kxg1 {[%mdl 4096] Endgame KRB-KRN} Kg7 40. Rf4 b5 41. Bf1 Ng6 42. Rf3 Re1 43. Kg2 Rb1 44. Rf2 a3 45. bxa3 Rc1 46. Rf3 Rc2+ 47. Kh3 Kh6 {White must now prevent ...Kg5.} 48. Bd3 ({Much worse is} 48. Rxf7 Kg5 $17) 48... Rxc3 49. Be4 $2 {[#]} ({White should play} 49. Kg4 $15) 49... Rc4 $2 (49... Kg5 $1 $19 {[%csl Gg5][%cal Rg6f4][%mdl 512]} 50. Kg2 Nf4+ 51. Kf2 Rc1) 50. Rxf7 $11 {Rf6 is the strong threat.} Rxd4 51. Bxg6 $2 (51. Bxc6 $11 {and White has nothing to worry.} Ne5 52. Rf2 (52. Rc7 $2 Rc4 $19)) 51... Kxg6 {KR-KR} 52. Rf3 Rc4 53. Rd3 Kf5 54. Rd6 (54. Re3 {was necessary.}) 54... Ke5 $19 55. Rh6 Kd5 (55... Rc2 $19 56. Rh5+ Ke6 57. Rh6+ Kf5 58. Rh5+ {[#]} Kg6 $1 {[%mdl 512]} 59. Rxh4 Rc3+ 60. Kg4 Rxa3) 56. Rg6 $2 {[%mdl 8192]} (56. Rh5+ $17 Kd6 57. Rxh4) 56... Ra4 57. Rg2 Rd4 58. Rb2 Kc5 59. Rc2+ Kb6 60. Rf2 c5 61. Rb2 Ka5 62. Rb3 c4 63. Rb4 c3 64. Rb1 c2 {Black mates.} 65. Rc1 Rc4 66. Kg2 Ka4 67. Kf3 Kxa3 68. Ke3 Kb2 69. a4 Kxc1 70. axb5 {KR-KPP} Kd1 71. b6 c1=Q+ 72. Kf3 Qf4+ 73. Kg2 Qg4+ 74. Kf2 Rf4+ 75. Ke3 Qf3# {What a bad dream for White. Accuracy: White = 59%, Black = 83%.} 0-1

[Event "Moscow-ch Men 2020"]
[Site "Moscow"]
[Date "2020.09.18"]
[Round "6.6"]
[White "Fedosov, Alexander"]
[Black "Tunik, Sergey"]
[Result "1/2-1/2"]
[WhiteElo "1324"]
[BlackElo "2160"]
[Annotator "TA"]
[PlyCount "123"]
[EventDate "2020.09.15"]
[EventType "swiss"]
[EventCountry "RUS"]
[SourceTitle "playchess.com"]
[Source "ChessBase"]
[SourceQuality "1"]

{[%evp 9,123,74,68,71,126,115,153,161,172,135,144,140,163,120,123,66,46,0,2,0,0,0,0,0,0,0,0,0,0,-117,-84,-96,-77,-72,-62,-107,-81,-89,-95,-79,-70,-137,-148,-160,-142,-135,-46,-364,-358,-297,-79,-107,-91,-104,-95,-260,-140,-133,-82,-86,-38,-124,0,0,0,0,0,0,618,610,603,603,543,477,1787,1588,1477,563,548,147,416,355,860,32,32,32,32,32,32,12,16,12,20,20,20,12,20,20,20,16,12,12,12,12,12,8,8,8,8,0,8,0,0,0,0,-6]} 1. d4 c5 2. d5 e5 3. e4 d6 4. Nf3 g6 5. Nc3 a6 6. a4 {A44: Semi-Benoni.} h5 {[#]} (6... Bg4 $142) 7. Nd2 $146 ({Predecessor:} 7. Be2 Bh6 8. h3 Bxc1 9. Qxc1 b6 10. O-O Ra7 11. Ng5 Qe7 12. f4 f6 13. Ne6 Nd7 {1-0 (38) Danchevski,O (2426)-Gicov,Z (2246) Stip 2002}) 7... Bh6 8. Nc4 {White is clearly better.} Qc7 9. Bxh6 Nxh6 10. Qd2 Nd7 11. f4 f6 12. fxe5 (12. Be2 $16) 12... Nxe5 $14 13. Qf4 Qd8 14. Be2 Nxc4 15. Bxc4 Ng4 16. O-O O-O 17. h3 Ne5 18. Be2 b6 19. g4 (19. Rf2 $11 {keeps the balance.}) 19... hxg4 20. hxg4 Ra7 21. Kg2 f5 22. Rh1 fxg4 {[%mdl 64] Discovered Attack} 23. Qh6 Qf6 {[%csl Gf8][%cal Rf6f2] [#]} 24. Raf1 $1 {[%mdl 512]} Nf3 25. Bxf3 (25. Qe3 $1 $15) 25... gxf3+ $17 26. Kf2 {[#]} Qd4+ $1 27. Qe3 Kg7 (27... Rf4 $17 28. Rh6 Rh7 29. Rxh7 Kxh7 30. Qxd4 cxd4) 28. Rd1 $2 {[%mdl 8192]} ({White should try} 28. Nb1 $1 $15) 28... Qxe3+ $19 29. Kxe3 Raf7 $2 (29... f2 $19 {is more deadly.} 30. Rdf1 Raf7) 30. Kf2 $17 g5 31. Rdg1 g4 32. Nd1 $2 {[#]} (32. Rh5 $17 {was worth a try.}) 32... Re7 (32... Rf4 $1 $19 33. Nc3 Kg6) 33. Ke3 Rfe8 (33... Kg6 $142 34. Rh3 Rh7 35. Rxh7 Kxh7) 34. Nf2 Kg6 35. Kd3 ({Better is} 35. b3 $15) 35... Rxe4 ({Black should play} 35... Kg5 $17 36. b3 b5 37. Nh3+ Kf6) 36. Nxe4 $11 Bf5 37. Rxg4+ $1 Bxg4 38. Rg1 Rxe4 $4 {[%mdl 8192]} (38... Re7 $11 39. Rxg4+ Kf5) 39. Kxe4 {[%mdl 4096] Endgame KR-KB} Kg5 40. c4 f2 41. Rf1 Be2 (41... Bf5+ $142 42. Ke3 Bc2) 42. Rxf2 $18 Bxc4 43. Rf8 (43. Rf5+ $142 Kg6 44. Rf8) 43... Bb3 44. Rb8 $2 (44. Rd8 $18 {has better winning chances.}) 44... Bc2+ $2 {[%mdl 8192]} (44... Bxa4 $16 45. Rxb6 Bc2+ 46. Ke3 Kf5 47. Rxd6 Ke5 48. Rxa6 Kxd5) 45. Ke3 b5 $2 (45... Kf5 46. Rxb6 {[%mdl 64] Double Attack} Bxa4 47. Rxd6 Ke5 48. Rxa6 Bd7) 46. axb5 $2 (46. a5 $18 Kf5 47. Rb6) 46... axb5 $14 47. Rb6 Kf5 48. Rxd6 {Threatens to win with Rc6.} Ke5 49. Rd8 {Rc8 is the strong threat.} b4 {The position is equal.} 50. d6 {Hoping for d7.} Bf5 51. Kd2 Kd5 52. d7 Kd6 53. Ke3 Bxd7 54. Ke4 Ke6 55. Rh8 {aiming for Rh6+.} Bc6+ 56. Ke3 Kd5 57. b3 Bd7 58. Rh5+ Kd6 59. Rh8 Be6 60. Rh6 Ke5 61. Rh5+ Kd6 62. Ke4 {White used his chance. Accuracy: White = 64%, Black = 61%.} 1/2-1/2